Score 0/20 Timer 04:00
0 Plays Today
Letters Word % Correct
TAETEA
99.4%
TAEATE
99.4%
TAEEAT
99.3%
METATEAM
97.6%
METAMEAT
96.9%
TAEETA
93%
METATAME
90.2%
METAMATE
89.9%
LEPTAPLATE
76.5%
LEPTAPETAL
65.1%
Letters Word % Correct
LEPTAPLEAT
63%
FESTORFOREST
54.6%
FESTORFOSTER
48.1%
LYRALEGGALLERY
46.9%
LEPTALEAPT
44.8%
LYRALEGALLERGY
30.1%
LYRALEGREGALLY
29.5%
FESTORFORTES
22.9%
FESTORSOFTER
22.5%
LYRALEGLARGELY
16.2%
Remove Ads.
Support Sporcle.
Get the best of Sporcle when you Go Orange. This ad-free experience offers more features, more stats, and more fun while also helping to support Sporcle. Thank you for becoming a member.

You're not logged in!

Compare scores with friends on all Sporcle quizzes.
OR
Log In

Show Comments

Extras

Top Quizzes Today


Score Distribution

Your Account Isn't Verified!

In order to create a playlist on Sporcle, you need to verify the email address you used during registration. Go to your Sporcle Settings to finish the process.

Report this User

Report this user for behavior that violates our Community Guidelines.

Details: